Enrique VIII / (Registro nro. 134344)
[ vista simple ]
| 000 -LEADER | |
|---|---|
| campo de control de longitud fija | 00822nam a22002651 4500 |
| 001 - NÚMERO DE CONTROL | |
| campo de control | 134344 |
| 003 - IDENTIFICADOR DE NÚMERO DE CONTROL | |
| campo de control | ES-MaACL |
| 005 - FECHA Y HORA DE LA ÚLTIMA TRANSACCIÓN | |
| campo de control | 20251003195558.0 |
| 007 - CAMPO FIJO DE DESCRIPCIÓN FÍSICA--INFORMACIÓN GENERAL | |
| campo de control de longitud fija | t| |
| 008 - DATOS DE LONGITUD FIJA--INFORMACIÓN GENERAL | |
| campo de control de longitud fija | 070910s1957 sp ||||0| spa d |
| 016 7# - NÚMERO DE CONTROL DE UNA AGENCIA BIBLIOGRÁFICA NACIONAL | |
| Número de control cancelado/no válido | IND2000944222 |
| 040 ## - FUENTE DE CATALOGACIÓN | |
| Centro catalogador/agencia de origen | M-BN |
| Lengua de catalogación | spa |
| Centro/agencia transcriptor | CDM |
| 080 ## - NÚMERO DE LA CLASIFICACIÓN DECIMAL UNIVERSAL | |
| Número de la Clasificación Decimal Universal | 92(Enrique (42) VIII) |
| 100 1# - ENTRADA PRINCIPAL--NOMBRE DE PERSONA | |
| Nombre de persona | White, Harry. |
| 9 (RLIN) | 116661 |
| 245 10 - MENCIÓN DEL TÍTULO | |
| Título | Enrique VIII / |
| Mención de responsabilidad, etc. | por Harry White ; [traducido del alemán por Ernesto Salcedo]. |
| 260 ## - PUBLICACIÓN, DISTRIBUCIÓN, ETC. | |
| Lugar de publicación, distribución, etc. | Barcelona : |
| Nombre del editor, distribuidor, etc. | A. H. R : |
| -- | [Estrada, |
| Fecha de publicación, distribución, etc. | 1957. |
| 300 ## - DESCRIPCIÓN FÍSICA | |
| Extensión | 274 p. ; |
| Dimensiones | 20 cm. |
| 490 1# - MENCIÓN DE SERIE | |
| Mención de serie | Historia y amor |
| 600 07 - PUNTO DE ACCESO ADICIONAL DE MATERIA--NOMBRE DE PERSONA | |
| Nombre de persona | Enrique VIII, |
| Títulos y otros términos asociados al nombre | Rey de Inglaterra, |
| Fechas asociadas al nombre | 1491-1547 |
| Fuente del encabezamiento o término | |
| 9 (RLIN) | 126940 |
| 700 1# - ENTRADA AGREGADA--NOMBRE PERSONAL | |
| Nombre de persona | Salcedo, Ernesto. |
| 9 (RLIN) | 101839 |
| 830 00 - PUNTO DE ACCESO ADICIONAL DE SERIE-TÍTULO UNIFORME | |
| Título uniforme | Historia y amor |
| 9 (RLIN) | 182274 |
| 852 ## - LOCALIZACIÓN | |
| Ubicación | ES-MaACL |
| Número de control de estantería | C-13822 |
| Sublocalización o colección | R.41690 |
| Estatus retirado | Estado de pérdida | Estado de daño | No para préstamo | Biblioteca de origen | Biblioteca actual | Ubicación en estantería | Fecha de adquisición | Fuente de adquisición | Total de préstamos | Signatura topográfica completa | Código de barras | Visto por última vez | Precio de reemplazo | Tipo de ítem Koha |
|---|---|---|---|---|---|---|---|---|---|---|---|---|---|---|
| Biblioteca del Ateneo de Madrid | Biblioteca del Ateneo de Madrid | Sala Palomar | 17/01/2008 | C-13822 | 1139841 | 23/02/2023 | 23/02/2023 | Libro impreso |
